| 000 | 01394nam a2200325 i 4500 | ||
|---|---|---|---|
| 003 | EG-ScBUE | ||
| 005 | 20231106110715.0 | ||
| 008 | 120423s1995 ua o f b 000 0 aara d | ||
| 017 | _a2005 / 13876 | ||
| 020 | _a9770197556 | ||
| 040 |
_aEG-ScBUE _bara _erda _cEG-ScBUE _dEG-ScBUE |
||
| 082 | 0 | 4 |
_a759.6 _bد ا ل _222 |
| 100 | 1 |
_929717 _aدالي، سلفادور، _eمؤلف. |
|
| 240 | 1 | 0 |
_aDiary of a genius : an autobiography. _lArabic |
| 245 | 1 | 0 |
_aيوميات عبقري / _cسلفادور دالي ؛ ترجمة أحمد عمر شاهين. |
| 264 | 1 |
_aالقاهرة : _bدار الهلال : _bالهيئة المصرية العامة للكتاب، _c1995. |
|
| 300 |
_a235 صفحة : _bصور ملونة ؛ _c22 .سم |
||
| 336 |
_2rdacontent _aنص _btxt |
||
| 337 |
_aبدون وسيط _2rdamedia _bn |
||
| 338 |
_aمجلد _bnc _2rdacarrier |
||
| 490 | 0 | _aسلسلة المئويات | |
| 504 | _aيشتمل على إرجاعات ببليوجرافية. | ||
| 546 | _aالنص باللغة العربية وتم ترجمته من اللغة الإنجليزية. | ||
| 600 | 1 | 7 |
_2BUEsh _aدالي، سلفادور. |
| 650 | 7 |
_929719 _aالرسامون الأسبان _vتراجم. _2BUEsh |
|
| 650 | 7 |
_aالفنانون الأسبان _vتراجم. _2BUEsh |
|
| 655 | _vReading book | ||
| 700 | 1 |
_929718 _aشاهين، أحمد عمر، _eمترجم. |
|
| 942 |
_2ddc _cBB |
||
| 999 |
_c16686 _d16686 |
||